Statistics for Biggest Cities in China - Extreme

Click here to take the quiz!

General Stats

  • This quiz has been taken 445 times
    (296 since last reset)
  • The average score is 33 of 72

Answer Stats

PopulationCity% Correct
21,542,763Beijing
100%
26,317,104Shanghai
99%
14,800,654Guangzhou
98%
10,670,127Wuhan
94%
7,102,346Hong Kong
94%
15,553,128Tianjin
93%
14,677,122Chengdu
92%
8,639,570Xi'an
89%
15,384,269Chongqing
89%
8,216,546Nanjing
86%
3,531,347Xiamen
85%
8,320,123Shenyang
82%
12,357,938Shenzhen
81%
10,069,251Hangzhou
80%
12,036,105Harbin
79%
3,029,372Urumqi
76%
4,253,627Zhengzhou
76%
6,188,111Qingdao
76%
5,288,843Changsha
72%
3,352,076Hefei
72%
2,707,294Fuzhou
69%
4,087,733Dalian
69%
5,346,708Shantou
66%
6,642,592Wenzhou
66%
3,337,171Nanning
62%
3,583,583Kunming
61%
3,491,597Ningbo
52%
3,542,319Wuxi
51%
1,647,642 | 4,334,758Suzhou
50%
7,067,941Jinan
48%
3,530,115Changchun
46%
8,220,765Dongguan
45%
2,861,764Shijiazhuang
44%
2,492,325Lanzhou
40%
3,048,923Taiyuan
40%
2,352,838Nanchang
37%
1,980,774Hohhot
34%
1,975,803Jilin
31%
7,197,394Foshan
31%
3,209,356Changzhou
31%
3,037,159Guiyang
30%
2,980,841Zibo
29%
2,046,189Haikou
29%
2,273,326Nantong
29%
1,870,600Yantai
27%
1,902,501Taizhou
25%
3,187,171Tangshan
25%
2,070,801Baotou
24%
6,107,475Quanzhou
24%
1,925,948Luoyang
23%
3,053,778Xuzhou
23%
2,631,523Baoding
23%
2,344,507Huizhou
23%
2,046,012Weifang
19%
1,666,826Huainan
17%
2,603,234Linyi
17%
1,737,517Datong
16%
1,953,801Putian
16%
1,858,875Nanchong
14%
1,649,825Daqing
13%
2,633,420Huai'an
13%
3,142,369Zhongshan
12%
2,399,739Yangzhou
12%
1,822,640Jiangmen
6%
1,811,732Nanyang
6%
1,735,500Tai'an
6%
2,038,412Yiwu
6%
2,199,689Xiangyang
4%
1,778,538Lu'an
2%
1,768,947Fuyang
2%
2,125,136Zaozhuang
2%

Score Distribution

Percentile by Number Answered

Percent of People with Each Score

Your Score History

You have not taken this quiz since the last reset